[Event "TCh-SWE Elitserien"]
[Site "Sweden SWE"]
[Date "2017.02.04"]
[Round "5.3"]
[Board "4"]
[White "Vernersson, Per"]
[Black "Westerberg, Jonathan"]
[Result "0-1"]
[BlackTitle "IM"]
[WhiteElo "2290"]
[BlackElo "2489"]
[WhiteTeam "Eksjo SK"]
[BlackTeam "SK Team Viking"]
[WhiteFideId "1700863"]
[BlackFideId "1701754"]
[EventDate "2016.10.14"]

1. d4 Nf6 2. c4 e6 3. Nc3 Bb4 4. e3 O-O 5. Bd3 d5 6. Ne2 b6 7. a3 Bxc3+ 8. Nxc3
Ba6 9. Qe2 Nc6 10. O-O Na5 11. cxd5 Bxd3 12. Qxd3 Nb3 13. Rb1 exd5 14. Ne2 Na5
15. Nc3 Re8 16. f3 Qe7 17. b4 Nb7 18. b5 Nd6 19. a4 Qe6 20. Rb2 a6 21. Re2 axb5
22. axb5 h5 23. Rfe1 Rad8 24. e4 dxe4 25. fxe4 Qc4 26. Qxc4 Nxc4 27. Rd1 Rd7 28.
Bg5 Nh7 29. Bh4 Nf8 30. Bg3 Ng6 31. h3 h4 32. Bh2 Nd6 33. Ra1 Nc4 34. Rd1 Na5
35. Kf2 Ne7 36. Kf3 Nb3 37. Bg1 Red8 38. d5 Na5 39. Bh2 Nb7 40. Red2 Ra8 41. Ra2
Rxa2 42. Nxa2 f5 43. exf5 Nxf5 44. Bf4 Nbd6 45. Nc3 Rd8 46. Ra1 Nd4+ 47. Kg4
N6xb5 48. Nxb5 Nxb5 49. Rc1 Rxd5 50. Bxc7 Nxc7 51. Rxc7 g5 52. Rb7 Rb5 53. Kh5
Kf8 54. Kg4 Ke8 55. Kh5 Kd8 56. Kg4 Kc8 57. Rg7 Rc5 58. g3 hxg3 59. Kxg3 b5 60.
Kg4 b4 61. Re7 b3 62. Re2 Rb5 63. Rb2 Kc7 64. Kf3 Kb6 65. Ke2 Ka5 66. Kd1 Ka4
67. Kc1 Rf5 68. Rd2 Ka3 0-1

[Event "TCh-SWE Elitserien"]
[Site "Sweden SWE"]
[Date "2017.03.26"]
[Round "9.3"]
[Board "7"]
[White "Fendrich, David"]
[Black "Henriksson, Johan"]
[Result "0-1"]
[BlackTitle "FM"]
[WhiteElo "2257"]
[BlackElo "2264"]
[WhiteTeam "SS Manhem"]
[BlackTeam "Kungstornet"]
[WhiteFideId "1705725"]
[BlackFideId "1703560"]
[EventDate "2016.10.14"]

1. Nf3 d5 2. g3 Nf6 3. Bg2 c6 4. c4 e6 5. b3 Be7 6. O-O O-O 7. Bb2 b6 8. Qc2 Bb7
9. d3 c5 10. cxd5 Nxd5 11. Nc3 Bf6 12. Nxd5 Bxd5 13. Rfd1 Nc6 14. e4 Nb4 15. Qe2
Bxb2 16. Qxb2 Bb7 17. a3 Nc6 18. b4 cxb4 19. axb4 Qe7 20. b5 Na5 21. Ne5 Rfd8
22. d4 f6 23. Ng4 f5 24. Ne5 fxe4 25. Qb1 e3 26. fxe3 Bxg2 27. Kxg2 Qb7+ 28. Kg1
a6 29. Rf1 axb5 30. Qxb5 Qe4 31. Qxb6 Qxe3+ 32. Rf2 Re8 33. Qc7 Rf8 34. Rf1 Rxf2
35. Rxf2 Rf8 36. Ng4 Qxd4 37. Qxa5 Qxg4 38. Rxf8+ Kxf8 39. Qd8+ Kf7 40. Qd6 h6
41. Kg2 Qe4+ 42. Kf2 Kg6 43. Qc7 e5 44. h4 Qf5+ 45. Ke3 h5 46. Qc6+ Kh7 47. Qe8
Kh6 48. Qh8+ Kg6 49. Qe8+ Kh7 50. Qe7 Qf6 51. Qe8 Qb6+ 52. Ke2 Qb2+ 53. Kf1 Qc1+
54. Ke2 Qc4+ 55. Ke1 Qe4+ 56. Kf2 Qd4+ 57. Ke2 Qg4+ 58. Kf2 e4 59. Qb8 Qf3+ 60.
Ke1 e3 61. Qb1+ g6 62. Qd3 Qxg3+ 63. Ke2 Qf2+ 64. Kd1 Qxh4 65. Qxe3 Qf6 66. Qa7+
Kh6 67. Qe3+ g5 68. Ke2 h4 69. Ke1 Kh5 70. Qe8+ Kh6 71. Qe3 Qf5 72. Qe8 g4 73.
Qh8+ Kg5 74. Qd8+ Qf6 75. Qd2+ Kg6 76. Qd3+ Kh6 77. Qe3+ Kh5 78. Qe8+ Kh6 79.
Qe3+ Kg7 80. Qe4 g3 81. Qg4+ Kh6 82. Ke2 Qf2+ 83. Kd3 g2 84. Qe6+ Kg5 85. Qg8+
Kf4 86. Qb8+ Kg4 87. Qc8+ Qf5+ 0-1